Marxism : (Record no. 52062)
[ view plain ]
| 000 -LEADER | |
|---|---|
| fixed length control field | 00856cam a2200289 a 4500 |
| 001 - CONTROL NUMBER | |
| control field | 52062 |
| 003 - CONTROL NUMBER IDENTIFIER | |
| rucl marc code | BD-RjUL |
| 005 - DATE AND TIME OF LATEST TRANSACTION | |
| control field | 20211209075740.0 |
| 008 - FIXED-LENGTH DATA ELEMENTS--GENERAL INFORMATION | |
| fixed length control field | 1609 s19641971enk 001 0 eng |
| 020 ## - INTERNATIONAL STANDARD BOOK NUMBER | |
| International Standard Book Number | 0710046356 |
| International Standard Book Number | 0710017553 |
| 035 ## - SYSTEM CONTROL NUMBER | |
| System control number | (BD-RjUL)52182 |
| 040 ## - CATALOGING SOURCE | |
| Original cataloging agency | DLC |
| Transcribing agency | ODaWU |
| Modifying agency | OCoLC |
| -- | DLC |
| -- | BD-RjUL |
| Language of cataloging | eng |
| 041 ## - LANGUAGE CODE | |
| Language code of text/sound track or separate title | eng |
| 082 00 - DEWEY DECIMAL CLASSIFICATION NUMBER | |
| Classification number | 335.409 |
| Edition number | 23 |
| Author mark and year | LIM 1971 |
| 100 1# - MAIN ENTRY--PERSONAL NAME | |
| Personal name | Lichtheim, George |
| Dates associated with a name | 1912- |
| 9 (RLIN) | 155703 |
| 245 10 - TITLE STATEMENT | |
| Title | Marxism : |
| Remainder of title | an historical and critical study / |
| Statement of responsibility, etc. | George Lichtheim |
| 250 ## - EDITION STATEMENT | |
| Edition statement | 2nd. ed. |
| 260 ## - PUBLICATION, DISTRIBUTION, ETC. (IMPRINT) | |
| Place of publication, distribution, etc. | London : |
| Name of publisher, distributor, etc. | Routledge and kegan paul, |
| Date of publication, distribution, etc. | 1964 [impresion 1971] |
| 300 ## - PHYSICAL DESCRIPTION | |
| Pagination | xix, 412 p. ; |
| Size | 23 cm. |
| 490 0# - SERIES STATEMENT | |
| Series statement | Books that matter |
| 500 ## - GENERAL NOTE | |
| General note | Includes index |
| 650 #0 - SUBJECT ADDED ENTRY--TOPICAL TERM | |
| Topical term or geographic name as entry element | Socialism |
| General subdivision | History. |
| 9 (RLIN) | 155704 |
| Topical term or geographic name as entry element | Communism |
| General subdivision | History |
| 9 (RLIN) | 127984 |
| 830 ## - SERIES ADDED ENTRY--UNIFORM TITLE | |
| Uniform title | Books that matter |
| 942 ## - ADDED ENTRY ELEMENTS (KOHA) | |
| Source of classification or shelving scheme | Dewey Decimal Classification |
| Koha item type | Books |
| Lost status | Source of classification or shelving scheme | Damaged status | Not for loan | Collection code | Permanent Location | Current Location | Shelving location | Date acquired | Source of acquisition | Cost, normal purchase price | Total Checkouts | Full call number | Date last seen | Copy number | Koha item type |
|---|---|---|---|---|---|---|---|---|---|---|---|---|---|---|---|
| Dewey Decimal Classification | Non-fiction | Central Library, University of Rajshahi | Central Library, University of Rajshahi | 09/06/1974 | Jonathon Wren & Co. | 1.60 | 335.409 LIM 1971 | 05/09/2016 | C-2 | Books | |||||
| Dewey Decimal Classification | Not For Loan | Non-fiction | Central Library, University of Rajshahi | Central Library, University of Rajshahi | Reading Room | 09/06/1975 | Jonathon Wren & Co. | 1.60 | 335.409 LIM 1971 | 19/12/2016 | C-1 | Books |